Knock'em dead : with great answers to tough interview questions

Bibliographic Details
Main Author: Yate, Martin John
Format: Book
Published: Kuala Lumpur : Golden Books Centre , 1990
Subjects:

MARC

LEADER 00000cam a2200000 7i4500
001 0000004489
002 000004833
005 20000330.0
020 |a 9679959503 
090 0 0 |a 658.31124   |b YAT 
100 1 |a Yate, Martin John 
245 1 0 |a Knock'em dead :   |b with great answers to tough interview questions   |c Martin John Yate 
260 |a Kuala Lumpur :   |b Golden Books Centre ,   |c 1990 
300 |a 202p. ;   |c 22cm. 
650 0 0 |a Employment interviewing 
999 |a 021599   |b BUKU   |c PINJAMAN   |e PERPUSTAKAAN KOMUNITI PETALING JAYA 
999 |a 033276   |b BUKU   |c PINJAMAN   |e PERPUSTAKAAN KOMUNITI PETALING JAYA